[Event "AUT-ch Vor4 Internet"]
[Site "Playchess.com INT"]
[Date "2020.04.25"]
[Round "7"]
[White "Jeitler, Selina"]
[Black "Schein, Leopold"]
[Result "0-1"]
[WhiteElo "1201"]
[BlackElo "1584"]
[PlyCount "82"]
[EventDate "2020.04.25"]
[EventType "swiss (blitz)"]
[EventRounds "9"]
[EventCountry "AUT"]
[SourceTitle "EXT 2021"]
[Source "ChessBase"]
[SourceDate "2020.10.23"]
[SourceVersion "1"]
[SourceVersionDate "2020.10.23"]
[SourceQuality "1"]

1. e4 c5 2. Nf3 d6 3. d4 cxd4 4. Nxd4 Nf6 5. Nc3 a6 6. Be3 e5 7. Nb3 Be7 8. f4 0-0 9. Qf3 b5 10. Bd3 Bb7 11. 0-0 Nbd7 12. a4 b4 13. Ne2 Rc8 14. c3 bxc3 15. Nxc3 Re8 16. Qh3 exf4 17. Rxf4 h6 18. e5 Nxe5 19. Rd4 Nxd3 20. Rxd3 Rc6 21. Nd4 Rc8 22. Rf1 Bf8 23. Nf5 Ne4 24. Nxe4 Bxe4 25. Rd4 Bxf5 26. Qxf5 Rxe3 27. Qxf7+ Kh8 28. Rdf4 Qg5 29. Qe6 Rxe6 30. Rf5 Qd2 31. R5f2 Qe3 32. Kh1 Kh7 33. Kg1 Rf6 34. g3 Rxf2 35. Rxf2 Rc1+ 36. Kg2 Re1 37. Rxf8 Re2+ 38. Kh3 Qe6+ 39. g4 Re3+ 40. Kh4 Qe7+ 41. Kh5 Qg5# 0-1

[Event "AUT-ch Vor4 Internet"]
[Site "Playchess.com INT"]
[Date "2020.04.25"]
[Round "6"]
[White "Weichhart, Daniel"]
[Black "Schein, Leopold"]
[Result "1-0"]
[WhiteElo "1648"]
[BlackElo "1584"]
[PlyCount "24"]
[EventDate "2020.04.25"]
[EventType "swiss (blitz)"]
[EventRounds "9"]
[EventCountry "AUT"]
[SourceTitle "EXT 2021"]
[Source "ChessBase"]
[SourceDate "2020.10.23"]
[SourceVersion "1"]
[SourceVersionDate "2020.10.23"]
[SourceQuality "1"]

1. d4 d5 2. Bf4 Nf6 3. e3 c5 4. c3 Nc6 5. Nd2 e6 6. Ngf3 cxd4 7. exd4 Nh5 8. Bg3 Be7 9. Bd3 0-0 10. Ne5 Nxg3 11. hxg3 Bf6 12. Bxh7+ Kh8 1-0

[Event "AUT-ch Vor3 Internet"]
[Site "Playchess.com INT"]
[Date "2020.04.17"]
[Round "7"]
[White "Kucharski, Michael"]
[Black "Schein, Leopold"]
[Result "1-0"]
[WhiteElo "1948"]
[BlackElo "1584"]
[PlyCount "113"]
[EventDate "2020.04.17"]
[EventType "swiss (blitz)"]
[EventRounds "9"]
[EventCountry "AUT"]
[SourceTitle "CBM 195 Extra"]
[Source "ChessBase"]
[SourceDate "2020.05.31"]
[SourceVersion "1"]
[SourceVersionDate "2020.05.31"]
[SourceQuality "1"]

1. d4 d5 2. Nf3 Nf6 3. e3 c5 4. c3 Nc6 5. Nbd2 Bg4 6. h3 Bh5 7. Bd3 e6 8. 0-0 Be7 9. dxc5 Bxc5 10. Qa4 0-0 11. Nd4 Rc8 12. Nxc6 Rxc6 13. Qc2 d4 14. Nb3 dxc3 15. Nxc5 Rxc5 16. bxc3 Rd5 17. Be2 Bxe2 18. Qxe2 Qc7 19. Ba3 Rc8 20. Rac1 h6 21. c4 Ra5 22. Bb4 Ra4 23. a3 a5 24. Qc2 Qc6 25. Bd2 Rxc4 26. Qb2 Qa6 27. Rxc4 Rxc4 28. Rc1 b5 29. Rxc4 bxc4 30. Qb8+ Kh7 31. Qe5 a4 32. g4 Qc6 33. Bc3 Qe4 34. Qa5 Qb1+ 35. Kg2 Ne4 36. Be1 Qb3 37. f3 Nf6 38. Qc3 Qxc3 39. Bxc3 Nd5 40. Bd2 Kg6 41. Bc1 c3 42. Kf2 f5 43. Ke2 fxg4 44. hxg4 Kf6 45. Kd3 Kg5 46. e4+ Nf4+ 47. Kxc3 e5 48. Kb4 Kh4 49. Bxf4 exf4 50. e5 Kg5 51. Kc5 g6 52. Kd6 h5 53. gxh5 gxh5 54. e6 Kf6 55. e7 Kf7 56. Kd7 h4 57. e8Q+ 1-0

[Event "AUT-ch Vor3 Internet"]
[Site "Playchess.com INT"]
[Date "2020.04.17"]
[Round "9"]
[White "Schein, Leopold"]
[Black "Pasteiner, Gernot"]
[Result "1-0"]
[WhiteElo "1584"]
[BlackElo "1632"]
[PlyCount "51"]
[EventDate "2020.04.17"]
[EventType "swiss (blitz)"]
[EventRounds "9"]
[EventCountry "AUT"]
[SourceTitle "CBM 195 Extra"]
[Source "ChessBase"]
[SourceDate "2020.05.31"]
[SourceVersion "1"]
[SourceVersionDate "2020.05.31"]
[SourceQuality "1"]

1. d4 e5 2. dxe5 Nc6 3. Nf3 Qe7 4. Bg5 Qb4+ 5. Nc3 Qxb2 6. Bd2 Bb4 7. Rb1 Qa3 8. Rb3 Qa5 9. e3 Bxc3 10. Bxc3 Qxa2 11. Bc4 Na5 12. Bxa5 Qxa5+ 13. Nd2 Qxe5 14. 0-0 d6 15. Qf3 Nf6 16. Rfb1 0-0 17. Bd3 b6 18. Qxa8 Ng4 19. Nf3 Qh5 20. h3 Nf6 21. Rb5 Bd7 22. Rxh5 Rxa8 23. Rh4 h6 24. Ra1 Nd5 25. Be4 Be6 26. c4 1-0

[Event "AUT-ch Vor1 Internet"]
[Site "Playchess.com INT"]
[Date "2020.04.11"]
[Round "7"]
[White "Simon, Christopher1111"]
[Black "Schein, Leopold"]
[Result "0-1"]
[WhiteElo "1824"]
[BlackElo "1584"]
[PlyCount "134"]
[EventDate "2020.04.11"]
[EventType "swiss (blitz)"]
[EventRounds "9"]
[EventCountry "AUT"]
[SourceTitle "CBM 195 Extra"]
[Source "ChessBase"]
[SourceDate "2020.05.31"]
[SourceVersion "1"]
[SourceVersionDate "2020.05.31"]
[SourceQuality "1"]

1. d4 Nf6 2. Bf4 d5 3. e3 c5 4. c3 Nc6 5. Nf3 Qb6 6. Qc2 g6 7. Nbd2 Bf5 8. Qb3 c4 9. Qxb6 axb6 10. Ne5 Nh5 11. Bg3 Nxg3 12. hxg3 Nxe5 13. dxe5 Bg7 14. f4 0-0 15. Be2 f6 16. exf6 Bxf6 17. 0-0 Rfe8 18. a3 e5 19. Kf2 exf4 20. gxf4 Re7 21. g4 Bd7 22. Bf3 Bc6 23. Rae1 Rae8 24. Rh1 Bg7 25. Nf1 d4 26. cxd4 Bxd4 27. Bxc6 bxc6 28. Rh3 Bxb2 29. Nd2 c3 30. Nc4 b5 31. Nxb2 cxb2 32. Rb1 Ra8 33. Rxb2 Rxa3 34. f5 gxf5 35. gxf5 Rf7 36. Rf3 Rc3 37. e4 Rxf3+ 38. Kxf3 Kf8 39. Kf4 Rf6 40. e5 Rh6 41. e6 Ke7 42. Rd2 Kf6 43. Kg4 Rh1 44. Rf2 h5+ 45. Kf4 c5 46. Ke4 Re1+ 47. Kd5 c4 48. Kc5 c3 49. Kxb5 c2 50. Rxc2 Kxf5 51. Rh2 Kg4 52. Rg2+ Kf3 53. Rg6 h4 54. Rh6 Kg3 55. Kc6 h3 56. Kd6 h2 57. e7 Rxe7 58. Kc6 Re4 59. Kd5 Rh4 60. Rg6+ Kf2 61. Rf6+ Kg2 62. Rg6+ Kf2 63. Rf6+ Ke2 64. Re6+ Kd2 65. Ra6 h1Q+ 66. Ke5 Qe4+ 67. Kf6 Rh6+ 0-1

[Event "AUT-ch Vor1 Internet"]
[Site "Playchess.com INT"]
[Date "2020.04.11"]
[Round "9"]
[White "Ussar, Reinhard"]
[Black "Schein, Leopold"]
[Result "0-1"]
[WhiteElo "1676"]
[BlackElo "1584"]
[PlyCount "72"]
[EventDate "2020.04.11"]
[EventType "swiss (blitz)"]
[EventRounds "9"]
[EventCountry "AUT"]
[SourceTitle "CBM 195 Extra"]
[Source "ChessBase"]
[SourceDate "2020.05.31"]
[SourceVersion "1"]
[SourceVersionDate "2020.05.31"]
[SourceQuality "1"]

1. e4 c5 2. c3 Nf6 3. e5 Nd5 4. d4 cxd4 5. cxd4 Nc6 6. Nc3 Nxc3 7. bxc3 e6 8. Nf3 d6 9. Bb5 Bd7 10. 0-0 dxe5 11. Bxc6 Bxc6 12. Nxe5 Rc8 13. Qh5 g6 14. Qg4 Bd5 15. Bd2 Bd6 16. f4 0-0 17. f5 exf5 18. Qd1 Bxe5 19. dxe5 Be4 20. Kh1 Re8 21. Bf4 Qxd1 22. Raxd1 Rxc3 23. Rd7 Rc2 24. Rg1 Rxa2 25. h4 b5 26. Kh2 b4 27. Kh3 b3 28. g4 fxg4+ 29. Rxg4 Bf5 30. h5 Bxd7 31. hxg6 Bxg4+ 32. Kxg4 hxg6 33. Bc1 b2 34. Bxb2 Rxb2 35. Kg5 Rxe5+ 36. Kf6 Rf5+ 0-1

[Event "Steyr Landesliga 1213"]
[Site "Austria"]
[Date "2013.05.04"]
[Round "11.8"]
[White "Schein, Leopold"]
[Black "Mitterhuber, Manuel"]
[Result "0-1"]
[WhiteElo "1451"]
[BlackElo "1254"]
[PlyCount "100"]
[EventDate "2012.09.22"]
[EventType "team-tourn"]
[EventRounds "11"]
[EventCountry "AUT"]
[SourceTitle "EXT 2014"]
[Source "ChessBase"]
[SourceDate "2013.11.20"]
[SourceVersion "1"]
[SourceVersionDate "2013.11.20"]
[SourceQuality "1"]
[WhiteTeam "Leoben"]
[BlackTeam "Pinggau Friedberg"]
[WhiteTeamCountry "AUT"]
[BlackTeamCountry "AUT"]

1. e4 d6 2. d4 Nf6 3. Nc3 g6 4. Bg5 Bg7 5. Bc4 h6 6. Bh4 0-0 7. Nge2 c6 8. 0-0 Nbd7 9. Qd3 Nb6 10. d5 cxd5 11. exd5 Bf5 12. Qd4 Nfxd5 13. Qd1 Nxc3 14. Nxc3 Nxc4 15. Qe2 Ne5 16. f4 Nc6 17. Nd5 Be6 18. Ne3 Qb6 19. c3 Bc4 20. Qxc4 Qxe3+ 21. Rf2 Qc5 22. Qe4 e5 23. fxe5 Qxe5 24. Qd3 Qc5 25. Raf1 Ne5 26. Qe4 f5 27. Qxb7 Ng4 28. Kh1 Nxf2+ 29. Bxf2 Qc4 30. Re1 Qxa2 31. h3 Bxc3 32. bxc3 Qxf2 33. Re7 Qf1+ 34. Kh2 Qf4+ 35. Kh1 Qc1+ 36. Kh2 Qxc3 37. Qd5+ Kh8 38. Qxd6 Rf6 39. Qd7 Rff8 40. Rh7+ Kg8 41. Re7 Qf6 42. Qd5+ Kh8 43. Qb7 a5 44. Rh7+ Kg8 45. Rxh6 Qg7 46. Qd5+ Qf7 47. Rxg6+ Kh7 48. Re6 Rae8 49. Rxe8 Qxd5 50. Rxf8 Qd6+ 0-1